| 000 | 00581nam a22001817a 4500 | ||
|---|---|---|---|
| 003 | OSt | ||
| 005 | 20260128053255.0 | ||
| 008 | 260128b |||||||| |||| 00| 0 eng d | ||
| 020 | _a971-8705-44-9. | ||
| 040 |
_aDWC-Main lib. _cOC |
||
| 082 | _aSC. 807.9 G248 1998 | ||
| 245 |
_aGawad surian sa sanaysay gantimpalang Collantes : _b1992-1998/ |
||
| 260 |
_aManila : _b Komisyon Sa Wikang Filipino, _cc1998. |
||
| 300 |
_ax, 418 p. ; _c23 cm. |
||
| 650 | _a1. Filipino Language - History. | ||
| 650 | _a2. Tagalog Literature - History and Criticisms. | ||
| 942 |
_2ddc _cSC _hSC. _n0 |
||
| 999 |
_c7895 _d7895 |
||